Statistics for All Rugby League World Cup Nations

Click here to take the quiz!

General Stats

  • This quiz has been taken 29 times
  • The average score is 17 of 21

Answer Stats

Answer% Correct
France
100%
New Zealand
100%
Scotland
100%
Tonga
100%
Wales
100%
Australia
96%
Ireland
96%
England
93%
Fiji
93%
Samoa
89%
Italy
85%
Papua New Guinea
85%
United States
85%
South Africa
70%
Russia
67%
Great Britain
63%
Jamaica
63%
Lebanon
59%
Cook Islands
56%
Greece
56%
Aotearoa Māori
41%

Score Distribution

Percentile by Number Answered

Percent of People with Each Score

Your Score History

You have not taken this quiz